Identidad cultural y proceso global /
El libro explora la interface de los procesos globales, la formación identitaria y la producción de cultura, mediante un examen de ideas que abarcan desde la teoria de los sistemas mundiales hasta el posmodernismo. El autor investiga las relaciones entre lo global y lo local, para mostrar que la fra...
Збережено в:
| Автор: | |
|---|---|
| Формат: | Невідомо |
| Опубліковано: |
Paraguay:
Amorrortu editores
|
| Предмети: | |
| Теги: |
Додати тег
Немає тегів, Будьте першим, хто поставить тег для цього запису!
|
MARC
| LEADER | 00000 a2200000 04500 | ||
|---|---|---|---|
| 001 | 45238 | ||
| 003 | cru CIDCACS/IIS | ||
| 005 | 20200925160303.0 | ||
| 008 | 991231s d | ||
| 020 | |a 950-518-185-X | ||
| 022 | |a 950-518-185-X | ||
| 040 | |c CRAI/IIS |a CRAI/IIS | ||
| 090 | |a 05.02.01 F911i | ||
| 100 | |a Friedman, Jonathan | ||
| 245 | |a Identidad cultural y proceso global / |c Jonathan Friedman | ||
| 260 | |a Paraguay: |b Amorrortu editores | ||
| 300 | |a 396 páginas | ||
| 520 | 4 | |a El libro explora la interface de los procesos globales, la formación identitaria y la producción de cultura, mediante un examen de ideas que abarcan desde la teoria de los sistemas mundiales hasta el posmodernismo. El autor investiga las relaciones entre lo global y lo local, para mostrar que la fragmentación cultural y la homogeneización modernista son tendencias igualmente constitutivas de la realidad global, con ejemplos tomados de una rica variedad de fuentes teóricas, informes etnográficos y etapas históricas; además, examina la interdependencia del mercado mundial y las transformaciones culturales locales, y muestra la compleja interrelación de los procesos sociales globalmente estructurados y la organización de la identidad. | |
| 590 | |a MBA/SETIEMBRE2014 | ||
| 650 | |a ANTROPOLOGIA SOCIAL Y CULTURAL | ||
| 650 | |a IDENTIDAD CULTURAL | ||
| 650 | |a HISTORIA | ||
| 650 | |a CULTURA | ||
| 650 | |a GLOBALIZACION | ||
| 650 | |a ECONOMIA | ||
| 650 | |a CIENCIAS SOCIALES | ||
| 942 | |2 ddc |c LI | ||
| 999 | |c 5922 |d 5922 | ||



